00359nam a2200121Ia 4500008004100000245005000041260002800091260000900119300001000128650001800138650001500156856006600171170221s9999 xx 000 0 und d aMedia and Communication: Why Another Journal? bMedia and Communication c2013 a1 : 1 xCommunication xMedia Arts uhttp://www.librelloph.com/mediaandcommunication/issue/current